Regioni dei Paesi Europei #2 - Statistics

Statistiche generali
  • Questo quiz è stato fatto 43 volte
    40 dall'ultimo reset
  • Il punteggio medio è 4 su 9
Statistiche sulle risposte
Risposta % Corretto
8 Vienna
100%
7 Tirolo
91%
6 Stiria
52%
4 Alta Austria
48%
3 Bassa Austria
48%
2 Carinzia
43%
5 Salisburghese
26%
1 Burgenland
13%
9 Vorarlberg
13%
Nessun quiz corrispondente trovato
Distribuzione punteggi
Percentuale di utenti per punteggio
Percentile per numero di risposta
I tuoi punteggi nel tempo
Non hai fatto questo quiz dall'ultimo reset